Loading...
| History - World | 3 | 4 | 1 | 2 | 80 | 34 | 89.14 | 3 | 5 | 0.00 | 0.00 |
| History - European | 2 | 4 | 1 | 1 | 65 | 11 | 85.00 | 2 | 5 | 0.00 | 0.00 |
| History - American | 0 | 7 | 1 | 1 | 65 | 78 | 119.43 | 2 | 3 | 0.00 | 0.00 |
| Religion | 0 | 5 | 0 | 0 | 50 | 89 | 112.00 | 2 | 4 | 0.00 | 0.00 |
| Other Academic | 1 | 3 | 0 | 0 | 45 | 62 | 97.00 | 1 | 1 | 0.00 | 0.00 |
| Geography | 2 | 2 | 1 | 2 | 45 | 31 | 93.50 | 1 | 3 | 0.00 | 0.00 |
| Literature - American | 0 | 4 | 0 | 1 | 40 | 145 | 154.50 | 0 | 4 | 0.00 | 0.00 |
| Social Science | 1 | 4 | 4 | 0 | 35 | 55 | 103.40 | 2 | 5 | 0.00 | 0.00 |
| Current Events | 2 | 0 | 0 | 0 | 30 | 36 | 50.00 | 2 | 2 | 0.00 | 0.00 |
| Literature - European | 1 | 2 | 2 | 2 | 25 | 56 | 121.00 | 1 | 1 | 0.00 | 0.00 |
| Literature - British | 0 | 2 | 0 | 1 | 20 | 128 | 134.50 | 0 | 1 | 0.00 | 0.00 |
| History - Ancient/Other | 0 | 3 | 3 | 1 | 15 | 84 | 106.67 | 1 | 3 | 0.00 | 0.00 |
| Philosophy | 1 | 1 | 2 | 0 | 15 | 65 | 80.00 | 1 | 2 | 0.00 | 0.00 |
| Mythology | 0 | 1 | 0 | 1 | 10 | 135 | 135.00 | 0 | 0 | 0.00 | 0.00 |
| Fine Arts - Other | 1 | 1 | 3 | 0 | 10 | 83 | 111.00 | 0 | 2 | 0.00 | 0.00 |
| Fine Arts - Visual | 0 | 1 | 0 | 0 | 10 | 148 | 148.00 | 1 | 1 | 0.00 | 0.00 |
| Literature - World | 0 | 1 | 1 | 0 | 5 | 128 | 128.00 | 1 | 1 | 0.00 | 0.00 |
| Fine Arts - Auditory | 0 | 0 | 0 | 0 | 0 | 0.00 | 0 | 0 | 0.00 | 0.00 |